00331nam a2200133Ia 4500008004100000041000800041082001200049100001900061245004500080250001400125260003500139300001600174365000700190240624s9999 xx 000 0 und d aeng a337 KRU aKRUGMAN PAUL R aINTERNATIONAL ECONOMICS THEORY AND POLIC a(6th ed.) c2004aDelhibPearson Education axxix, : 754 cRS